| 000 | 00508nam a22001697a 4500 | ||
|---|---|---|---|
| 003 | PILC | ||
| 005 | 20150112093448.0 | ||
| 008 | 131018t xxu||||| |||| 00| 0 eng d | ||
| 020 | _a9814126748 | ||
| 050 |
_aHD 30.4 _b.Se463 2005 |
||
| 100 |
_aSekaran, Uma _930020 |
||
| 245 |
_aResearch methods for business : _ba skill building approach / _cUma Sekaran. |
||
| 250 | _a4th ed. | ||
| 260 |
_aSingapore ; _bJohn Wiley & Sons, Inc., _xyz2005. |
||
| 300 |
_a450 pages : _billustration ; _c26 cm. |
||
| 942 |
_2lcc _cBK |
||
| 999 |
_c14993 _d14993 |
||